00350nam a2200121Ia 4500008004100000245008700041260001800128260000900146300000800155500001400163650001300177856003800190170516s9999 xx 000 0 und d aMixing Acid Salts and Layered Double Hydroxides in Nanoscale under Solid Condition bPharmaceutics c2014 a6:3 aSeptember xPharmacy uhttp://www.mdpi.com/1999-4923/6/3